[Event "Karl Mala Memorial op 10th"]
[Site "Griesheim"]
[Date "2006.07.22"]
[Round "5"]
[White "Morawietz, Manuel"]
[Black "Schlegel, Dennis"]
[Result "1-0"]
[WhiteElo "1662"]
[BlackElo "1362"]
[PlyCount "43"]
[EventDate "2006.07.20"]
[EventType "swiss"]
[EventRounds "7"]
[EventCountry "GER"]
[SourceTitle "CBM 113 Extra"]
[Source "ChessBase"]
[SourceDate "2006.09.14"]
[SourceVersion "1"]
[SourceVersionDate "2006.09.14"]
[SourceQuality "1"]

1. e4 e5 2. f4 Bc5 3. Nf3 d6 4. Bc4 Bg4 5. Nc3 Nf6 6. fxe5 dxe5 7. Bxf7+ Kf8 8. Bd5 c6 9. Bb3 Qb6 10. Qe2 Nbd7 11. Na4 Qb4 12. Nxc5 Qxc5 13. d3 Ke7 14. Be3 Qb5 15. 0-0-0 Nxe4 16. Bc4 Qa4 17. dxe4 Bxf3 18. Qxf3 Qxc4 19. Qg4 Nf6 20. Qxg7+ Ke6 21. Rhf1 Rhf8 22. Rxf6+ 1-0

[Event "Karl Mala Memorial op 10th"]
[Site "Griesheim"]
[Date "2006.07.20"]
[Round "1"]
[White "Kolompar, Josef"]
[Black "Schlegel, Dennis"]
[Result "1-0"]
[WhiteElo "2037"]
[BlackElo "1362"]
[PlyCount "69"]
[EventDate "2006.07.20"]
[EventType "swiss"]
[EventRounds "7"]
[EventCountry "GER"]
[SourceTitle "CBM 113 Extra"]
[Source "ChessBase"]
[SourceDate "2006.09.14"]
[SourceVersion "1"]
[SourceVersionDate "2006.09.14"]
[SourceQuality "1"]

1. e4 e5 2. Nf3 Nc6 3. Bb5 Bc5 4. c3 d6 5. d4 exd4 6. cxd4 Bb4+ 7. Nc3 Bd7 8. 0-0 Nge7 9. h3 0-0 10. a3 Ba5 11. Bd3 Ng6 12. Bg5 Qc8 13. Kh2 f5 14. Nd5 fxe4 15. Bxe4 Bf5 16. Bxf5 Qxf5 17. Ne3 Qe4 18. b4 Bb6 19. Qb3+ Kh8 20. Nd5 Nxd4 21. Nxd4 Qxd4 22. Rad1 Qe5+ 23. f4 Qe6 24. Rde1 Qf7 25. Qd1 Rfe8 26. Rxe8+ Rxe8 27. f5 Ne5 28. f6 Qg6 29. fxg7+ Kxg7 30. Bf6+ Kg8 31. Ne7+ Rxe7 32. Bxe7 Qe6 33. Bh4 Nc4 34. Qf3 Qe8 35. Qd5+ 1-0

[Event "Karl Mala Memorial op 08th"]
[Site "Frankfurt"]
[Date "2004.07.25"]
[Round "7"]
[White "Schlegel, Dennis"]
[Black "Mook, Karl Juergen"]
[Result "1/2-1/2"]
[WhiteElo "1192"]
[BlackElo "1362"]
[PlyCount "195"]
[EventDate "2004.07.22"]
[EventType "swiss"]
[EventRounds "7"]
[EventCountry "GER"]
[SourceTitle "EXT 2005"]
[Source "ChessBase"]
[SourceDate "2004.11.15"]
[SourceVersion "1"]
[SourceVersionDate "2004.11.15"]
[SourceQuality "1"]

1. d4 Nf6 2. c4 c5 3. e3 g6 4. Nc3 Bg7 5. Bd2 0-0 6. Nf3 d6 7. Qc1 h6 8. Bd3 Bg4 9. Be2 Re8 10. 0-0 Nc6 11. d5 Nb4 12. a3 Na6 13. e4 Kh7 14. h3 Bd7 15. Rb1 Nc7 16. b4 b6 17. Bd3 Rh8 18. e5 Nfe8 19. Re1 e6 20. exd6 Nxd6 21. Ne5 exd5 22. bxc5 Bxe5 23. Rxe5 Nxc4 24. Bxc4 dxc4 25. Bxh6 Qh4 26. Qf4 Qxf4 27. Bxf4 Bf5 28. Rbe1 Ne6 29. Be3 bxc5 30. Bxc5 Nxc5 31. Rxc5 Rac8 32. Ree5 Be6 33. g4 Kg7 34. Kg2 Rhd8 35. Rxc8 Rxc8 36. f4 Rd8 37. Kf3 a6 38. a4 Rb8 39. Re2 Rb3 40. Rc2 f5 41. g5 Bd5+ 42. Ke3 Be4 43. Rc1 Bd3 44. Kd4 Rb2 45. Rh1 Rf2 46. Ke3 Rc2 47. Kd4 Rb2 48. h4 Rb6 49. h5 gxh5 50. Rxh5 Re6 51. Kc5 Re3 52. Rh6 Re1 53. Rxa6 Rf1 54. Nd5 c3 55. Ra7+ Kg6 56. Nxc3 Rxf4 57. Nd5 Rc4+ 58. Kb6 Kxg5 59. Rg7+ Kh6 60. Rg3 Be4 61. Ne3 Rxa4 62. Nxf5+ Bxf5 63. Rf3 Kg5 64. Rg3+ Kf4 65. Rc3 Rd4 66. Kc5 Rd1 67. Rc4+ Ke5 68. Kb4 Rd8 69. Rc5+ Ke6 70. Rc6+ Kd7 71. Rc5 Be6 72. Rb5 Kc6 73. Rc5+ Kd6 74. Rb5 Bh3 75. Rb6+ Kd5 76. Rb5+ Kd4 77. Rh5 Bf1 78. Rh4+ Kd3 79. Rf4 Rb8+ 80. Kc5 Rc8+ 81. Kb4 Be2 82. Rh4 Rb8+ 83. Kc5 Rd8 84. Rh3+ Kd2 85. Rh4 Kc3 86. Rh3+ Bd3 87. Rh1 Rc8+ 88. Kb6 Kd4 89. Rh4+ Be4 90. Rh2 Rc6+ 91. Kb5 Rc5+ 92. Kb6 Rc6+ 93. Kb5 Kd5 94. Rd2+ Ke6 95. Rh2 Kd5 96. Rh5+ Kd4 97. Rh4 Rc5+ 98. Kb6 1/2-1/2

[Event "Karl Mala Memorial op 08th"]
[Site "Frankfurt"]
[Date "2004.07.24"]
[Round "5"]
[White "Dubel, Natali"]
[Black "Schlegel, Dennis"]
[Result "1-0"]
[WhiteElo "1348"]
[BlackElo "1192"]
[PlyCount "145"]
[EventDate "2004.07.22"]
[EventType "swiss"]
[EventRounds "7"]
[EventCountry "GER"]
[SourceTitle "EXT 2005"]
[Source "ChessBase"]
[SourceDate "2004.11.15"]
[SourceVersion "1"]
[SourceVersionDate "2004.11.15"]
[SourceQuality "1"]

1. d4 d5 2. c4 e6 3. Nc3 Nf6 4. Bf4 Bb4 5. Nf3 0-0 6. e3 Ne4 7. Rc1 c6 8. a3 Bxc3+ 9. bxc3 Qa5 10. Qb3 Nd7 11. cxd5 exd5 12. Bd3 Ndf6 13. 0-0 b6 14. Rfd1 Bg4 15. Be2 Rac8 16. Qb4 Qxb4 17. cxb4 c5 18. dxc5 bxc5 19. bxc5 Rxc5 20. Rxc5 Nxc5 21. Be5 Ncd7 22. Bd4 a5 23. h3 Bh5 24. g4 Bg6 25. Bc3 Ra8 26. Bb5 Be4 27. Nd4 Nb6 28. a4 Nc4 29. Nc6 Rf8 30. Nxa5 Nxa5 31. Bxa5 Ra8 32. Bc3 Bc2 33. Ra1 Ne4 34. Bb4 Rb8 35. Be1 Bxa4 36. Bxa4 Ra8 37. Ra2 f6 38. Bb3 Rxa2 39. Bxa2 Kf8 40. Bxd5 Nd6 41. Bb4 Ke7 42. f4 Kd7 43. Bxd6 Kxd6 44. Be4 g6 45. Kf2 Ke6 46. f5+ Ke5 47. Kf3 g5 48. Bc2 Kd5 49. Kg3 Ke5 50. h4 h6 51. hxg5 hxg5 52. Kf3 Kd5 53. Ke2 Ke5 54. Kd3 Kd5 55. Bb1 Ke5 56. Kc4 Kd6 57. Kd4 Kc6 58. Be4+ Kd6 59. Bf3 Ke7 60. Kd5 Kd7 61. e4 Ke7 62. e5 Kf7 63. e6+ Ke7 64. Be4 Ke8 65. Kd6 Kd8 66. e7+ Ke8 67. Bc6+ Kf7 68. e8Q+ Kg7 69. Qg6+ Kf8 70. Qxf6+ Kg8 71. Bd5+ Kh7 72. Qg6+ Kh8 73. Qg8# 1-0

[Event "Karl Mala Memorial op 08th"]
[Site "Frankfurt"]
[Date "2004.07.24"]
[Round "4"]
[White "Schlegel, Dennis"]
[Black "Kirschner, Matthias"]
[Result "0-1"]
[WhiteElo "1192"]
[BlackElo "1446"]
[PlyCount "122"]
[EventDate "2004.07.22"]
[EventType "swiss"]
[EventRounds "7"]
[EventCountry "GER"]
[SourceTitle "EXT 2005"]
[Source "ChessBase"]
[SourceDate "2004.11.15"]
[SourceVersion "1"]
[SourceVersionDate "2004.11.15"]
[SourceQuality "1"]

1. d4 Nf6 2. c4 e6 3. Nc3 d5 4. Bg5 Nbd7 5. e3 Be7 6. Nf3 0-0 7. Bd3 b6 8. 0-0 Bb7 9. Re1 c5 10. b3 Re8 11. Qc2 g6 12. Bxf6 Bxf6 13. Nb5 Be7 14. e4 a6 15. Nc3 cxd4 16. Nxd4 Bf6 17. Nce2 dxc4 18. Qxc4 Rc8 19. Qb4 Nc5 20. Bb1 Nxe4 21. Bxe4 Bxe4 22. Rad1 Bxd4 23. Rxd4 Bd5 24. Red1 Qc7 25. Qd2 Qc2 26. Qxc2 Rxc2 27. R1d2 Rec8 28. h3 Kg7 29. Kh2 a5 30. R4d3 b5 31. a3 Rxd2 32. Rxd2 Bxb3 33. Rb2 Bc4 34. Nd4 Rc5 35. g4 e5 36. Nb3 Bxb3 37. Rxb3 a4 38. Rb2 Kf6 39. h4 Ke6 40. Kg2 Kd5 41. Kf1 h6 42. Ke2 f5 43. f3 Kc6 44. Kd3 Rc4 45. h5 gxh5 46. gxf5 Rf4 47. Rc2+ Kb6 48. f6 Rxf6 49. Ke4 Rf4+ 50. Kxe5 Rxf3 51. Kd6 Rf6+ 52. Kd7 h4 53. Kc8 Rc6+ 54. Rxc6+ Kxc6 55. Kb8 h3 56. Ka7 h2 57. Ka6 h1Q 58. Ka7 Qg1+ 59. Ka8 h5 60. Kb8 Qb6+ 61. Ka8 Qb7# 0-1

[Event "Karl Mala Memorial op 08th"]
[Site "Frankfurt"]
[Date "2004.07.23"]
[Round "2"]
[White "Schlegel, Dennis"]
[Black "Gronau, Holger"]
[Result "0-1"]
[WhiteElo "1192"]
[BlackElo "1563"]
[PlyCount "116"]
[EventDate "2004.07.22"]
[EventType "swiss"]
[EventRounds "7"]
[EventCountry "GER"]
[SourceTitle "EXT 2005"]
[Source "ChessBase"]
[SourceDate "2004.11.15"]
[SourceVersion "1"]
[SourceVersionDate "2004.11.15"]
[SourceQuality "1"]

1. d4 c5 2. e3 Nf6 3. c4 cxd4 4. exd4 d6 5. Bg5 Ne4 6. Be3 g6 7. Nc3 Qa5 8. Qc2 Nxc3 9. bxc3 Bf5 10. Bd3 Bxd3 11. Qxd3 Bg7 12. Nf3 0-0 13. Qd2 Qc7 14. Rb1 b6 15. Qd3 Nd7 16. h4 Nf6 17. Kd2 h5 18. Rbg1 Rfc8 19. Bg5 Qxc4 20. Qxc4 Rxc4 21. Bxf6 Bxf6 22. g4 Kf8 23. gxh5 gxh5 24. Rg3 e6 25. Ng5 Ke7 26. Kc2 Rac8 27. Kb3 b5 28. Rf3 d5 29. Nh7 Bh8 30. Rg1 a5 31. Rg5 a4+ 32. Kb2 b4 33. Rgg3 Rxc3 34. Rxc3 Rxc3 35. Rxc3 Bxd4 36. Kc2 Bxc3 37. Ng5 e5 38. a3 f6 39. Nh3 d4 40. axb4 Bxb4 41. f4 e4 42. f5 d3+ 43. Kb2 Bd2 44. Nf2 e3 45. Nxd3 e2 46. Kc2 e1Q 47. Nxe1 Bxe1 48. Kd3 a3 49. Ke4 a2 50. Kf4 a1Q 51. Kf3 Qe5 52. Kg2 Bxh4 53. Kf3 Kd6 54. Kg2 Qe1 55. Kh2 Ke5 56. Kg2 Kf4 57. Kh2 Kf3 58. Kh3 Qh1# 0-1